| 000 | 00989pam a2200325 i 4500 | ||
|---|---|---|---|
| 001 | 018933142 | ||
| 003 | EG-ScBUE | ||
| 005 | 20230924102546.0 | ||
| 008 | 180514t2019 nyua f b 001 0 eng d | ||
| 020 | _a9781628922653 | ||
| 020 | _z1628922656 | ||
| 040 |
_aStDuBDS _beng _erda _cStDuBDS _dUk _dEG-ScBUE |
||
| 082 | 0 | 4 |
_a645.4 _222 _bTHO |
| 100 | 1 |
_aThompson, Kara, _eauthor. |
|
| 245 | 1 | 0 |
_aBlanket / _cKara Thompson. |
| 264 | 1 |
_aNew York, NY : _bBloomsbury Academic, _c[2019] |
|
| 264 | 4 | _c©2019 | |
| 300 |
_axxii, 168 pages : _billustrations ; _c17 cm. |
||
| 336 |
_atext _2rdacontent _btxt |
||
| 337 |
_aunmediated _2rdamedia _bn |
||
| 338 |
_avolume _2rdacarrier _bnc |
||
| 490 | 0 | _aObject lessons | |
| 504 | _aIncludes bibliographical references and index. | ||
| 650 | 7 |
_aBlankets. _2BUEsh |
|
| 653 |
_cSeptember2023 _bART _2FD |
||
| 655 | _vReading book | ||
| 776 | 0 | 8 |
_iebook version : _z9781628922660 |
| 942 |
_2ddc _cBB |
||
| 999 |
_c30565 _d30536 |
||